| 000 | 00883nam a2200253 i 4500 | ||
|---|---|---|---|
| 001 | 13721 | ||
| 003 | ES-MaACL | ||
| 005 | 20250727031511.0 | ||
| 007 | t| | ||
| 008 | 980610s1998 sp ||||1| spa d | ||
| 020 | _a84-922335-7-5 | ||
| 080 | _a316.7(460) | ||
| 100 | 1 |
_aStallaert, Christiane. _9107865 |
|
| 245 | 1 | 0 |
_aEtnogénesis y etnicidad en España _b: una aproximación histórico-antropológica al casticismo / _cChristiane Stallaert. |
| 250 | _a1ª ed. | ||
| 260 |
_aBarcelona : _bProyecto A, _c1998. |
||
| 300 |
_a190 p. ; _c24 cm. |
||
| 490 | 1 |
_aCuadernos A. Biblioteca universitaria. Actualidad ; _v5. _aTemas de antropología |
|
| 504 | _aBibliografía : p. 173-188. | ||
| 650 | 1 | 4 |
_aIdentidad cultural- _zEspaña. _913537 |
| 830 | 0 | 0 |
_aCuadernos A. _pTemas de antropología _v5. _9228451 |
| 852 |
_aES-MaACL _jL-21045 _bR.126555 |
||
| 999 |
_c13721 _d13721 |
||